00337nam a2200133Ia 4500008004100000041000800041082001400049100001400063245004100077250000700118260003600125300003300161365000900194240624s9999 xx 000 0 und d aeng a658.1 SNO aSNOW BILL aMERGERS AND ACQUISITIONS FOR DUMMIES a11 c2011aCanadabJohn Wiley & Sons axviii, : 338 : p. : cm. ; 23 cb27